000 00968nam a2200241 i 4500
001 82271
003 ES-MaACL
005 20250422135021.0
007 t|
008 041214s1836 sp |||| | spa d
080 _a061.21(460.27) Ateneo (058.7) "1836"
110 2 _aAteneo de Madrid.
_91875
245 1 0 _aLista alfabética de los individuos del Ateneo Científico, Literario y Artístico de Madrid existentes en 1º de marzo de 1836.
260 _aMadrid :
_b[s.n.],
_c1836 (
_fImp. del Colegio de Sordo-Mudos)
300 _a15 p. ;
_c20 cm.
530 _aDisponible en formato digital.
610 2 4 _aAteneo de Madrid-
_vListas de socios.
_91928
610 2 4 _aAteneo de Madrid-
_vObras digitalizadas.
_91930
852 _aES-MaACL
_j2184-F-25
_zRevisado enlace: 22 de Abril de 2025
_cDEPOF
_qEjemplar fotocopiado
856 _uhttp://www.ateneodemadrid.net/biblioteca_digital/folletos/Socios-1836.pdf
_yVer documento
942 _2udc
999 _c82271
_d82271